000 00775nam a2200253Ia 4500
003 OSt
005 20220924124738.0
006 a|||||r|||| 00| 0
007 ta
008 220923b |||||||| |||| 00| 0 urd d
020 _c225
024 _a290817
037 _b4687, 09/03/2016, Kitabi Duniya
_cTextual
040 _aARTS
_cARTS
_burd
041 _2urd
_aurd
082 _aO41:g, 168Q2
100 _aHashmi. Arshad Masood Au.
_9174506
245 0 _aCheenee adab par hindustanee adab ke asaraat
260 _aNew Delhi
_b Urdu Book Review. India
_c2012
300 _a199p.
_ccm.
650 _aCHINESE LITERATURE
942 _hO41:g, 168Q2
_cTEXL
_2CC
999 _c420803
_d420803